000 01510cam a2200133 4500500
005 20251214002800.0
041 _afre
042 _adc
100 1 0 _aAumont, Jacques
_eauthor
245 0 0 _aL'interprétation des films
260 _bArmand Colin,
_c2017.
520 _aInterpréter un film est la manière la plus naturelle et la plus personnelle d’y réagir. Mais l’interprétation est souvent critiquée pour sa subjectivité, qui la rend invérifiable. Le propos de ce livre est de montrer que cette activité inventive peut aussi être pratiquée avec profit, autant que l’analyse ou la critique. Il a existé plusieurs tentatives pour donner forme théorique rigoureuse aux procédures d’interprétation, toujours à propos d’œuvres écrites. Ce livre expose les principales de ces traditions, de l’exégèse et de l’herméneutique jusqu’à la déconstruction, et montre comment elles ont été, souvent sans le savoir, utilisées pour l’interprétation des films. On verra également qu’elles répondent à de nombreux problèmes de théorie du film, auxquels elles permettent d’apporter des réponses fécondes. Il s’agit en fin de compte de réhabiliter une attitude mal considérée et cependant essentielle, en montrant qu’elle n’est pas condamnée à l’erreur ni à l’arbitraire, mais qu’elle est la source même de toute compréhension.
856 4 1 _uhttps://shs.cairn.info/l-interpretation-des-films--9782200617127?lang=fr&redirect-ssocas=7080
999 _c1567435
_d1567435